=LDR 00000nam 2200000 4500 =001 INLIS000000000050836 =005 20170802103902 =035 ##$$a 0010-0817000019 =007 ta =008 170802###########################0###### =020 ##$$a 978-602-0851-17-4 =082 ##$$a 899.221 301 =084 ##$$a 899.221 301 PID d =100 #$$a Pidi Baiq =245 1#$$a Drunken Marmut /$c Pidi Baiq =250 ##$$a cet.2 =260 ##$$a Bandung :$b Pastel Books,$c 2015 =300 ##$$a 204 hlm : $b ilus. ; $c 19,5 cm =650 ##$$a Cerita Pendek =700 #$$a Ridwan Fauzy =990 ##$$a 89148914 =990 ##$$a 31701764